00358nam a22001217a 450000500170000000800410001704000130005808200240007110000230009524500520011826000580017030000080022820180129111101.0180129b xxu||||| |||| 00| 0 eng d cPK-LaUMT aPKAC 297.082bJAL-I aJalal ud Din Umari aIslam mein aurat kay haquq/cJalal ud Din Umari aلاہور؛bاسلامک پبلیکیشنز،c1993 a200